| 000 | 00606nam a22001817a 4500 | ||
|---|---|---|---|
| 005 | 20251108164649.0 | ||
| 008 | 250721s1985 xx 000 0 ara d | ||
| 082 | 1 | 4 | _a519.7/لطف |
| 100 | 1 | _aسيفين، لطفي لويز | |
| 245 | 1 | 0 |
_aالبرمجة الرياضية : _bالنماذج الخطية / |
| 264 | 1 |
_aالاسكندرية : _bدار الجامعات المصرية، _c1985. |
|
| 300 | _a510ص | ||
| 490 | 0 | _aموسوعة بحوث العمليات ؛ 1 | |
| 650 | 1 | 7 | _aنظرية الإحتمالات |
| 650 | 1 | 7 | _aالإحصاء الرياضي |
| 942 |
_2ddc _cBK |
||
| 999 |
_c11248 _d11248 |
||